000 00574cam a2200181 4500500
005 20260329005914.0
041 _afre
042 _adc
100 1 0 _aOrtoli, Sven
_eauthor
245 0 0 _aÉdito : en riant
260 _c2017.
500 _a95
690 _aBiopouvoir
690 _aMichel Foucault
690 _aSurveillance
786 0 _nPhilosophie magazine - Hors séries | Hors-série Hiver 2017-2018 | HS36 | 2017-12-01 | p. 1-1 | 2104-9246
856 4 1 _uhttps://shs.cairn.info/magazine-philosophie-magazine-2017-hs36-page-1?lang=fr&redirect-ssocas=7080
999 _c1847770
_d1847770